Medios de comunicación /

Los medios de comunicación tienen una trayectoria paralela a la historia de la patria. Sostener una mirada crítica y profunda sobre el relato que construyen los medios, y sobre los intereses que hay en juego, se propone como una responsabilidad en el Bicentenario.

Guardado en:
Autor Principal: Durán, Laura
Autores Corporativos: Canal Encuentro., Universidad nacional del Noroeste de la Provincia de Buenos Aires.
Otros Autores: Tognetti, Daniel; Conducción.
Formato: Deslizar
Publicado: Argentina,, 2009.
Series:Que supimos conseguir. Una mirada sobre el Bicentenario
Materias:
Etiquetas: Agregar Etiqueta
Sin Etiquetas, Sea el primero en etiquetar este registro!
LEADER 01369ngm a22003615g 4500
001 CEM.cems023604
008 130507s2009##################0###0#####d
005 20250613150359.0
245 1 0 |a Medios de comunicación /  |c Laura Durán. 
260 |a Argentina,,  |c 2009. 
300 |a 29'. 
490 0 |a Que supimos conseguir. Una mirada sobre el Bicentenario 
500 |a Consultar en ventanilla. 
538 |a Soporte: DVD - Color: Si - Grabación DRD. 
520 |a Los medios de comunicación tienen una trayectoria paralela a la historia de la patria. Sostener una mirada crítica y profunda sobre el relato que construyen los medios, y sobre los intereses que hay en juego, se propone como una responsabilidad en el Bicentenario. 
100 1 |a Durán, Laura 
710 2 |a Canal Encuentro. 
710 2 |a Universidad nacional del Noroeste de la Provincia de Buenos Aires. 
700 1 |a Tognetti, Daniel; Conducción. 
082 3 0 |/ DUR 
653 |a SOCIEDAD 
653 |a BICENTENARIO 
653 |a ARGENTINA 
653 |a RELACIONES HUMANAS 
653 |a INSTRUCCION CIVICA 
653 |a POLITICA 
653 |a HISTORIA 
653 |a HISTORIA ARGENTINA 
653 |a MEDIOS DE COMUNICACION 
653 |a PERIODISMO 
653 |a PRENSA 
653 |a SERIE DE TELEVISIÑON 
859 |a CEMS  |b BIB. CEMS - Depto. Recursos Didacticos  |h 301  |i DUR  |k DRD  |p 2247.15  |t Ej.1